| 000 | 00887na a2200265 4500 | ||
|---|---|---|---|
| 001 | 19809 | ||
| 003 | MIRAKIL | ||
| 005 | 20181213155039.0 | ||
| 008 | 161227b tu 000 0 | ||
| 020 | _a9789944604765 | ||
| 040 |
_aMilas _btur _cTR-AnCHP |
||
| 041 | _atur | ||
| 082 |
_a341.242 _bS26 2009 |
||
| 090 | _a341.242 S26 2009 | ||
| 100 | _aSarıibrahimoğlu, Y. Selim | ||
| 245 |
_aTürkiye ile Avrupa Birliği arasında tamamlanması öngörülen Gümrük Birliği kararı ışığında YEDAŞ davası _cY. Selim Sarıibrahimoğlu ; tez danışmanı Gökçen Alpkaya |
||
| 260 |
_aAnkara _bAnkara Üniversitesi Sosyal Bilimler Enstitüsü _c2009 |
||
| 300 |
_a180 s. _c24 sm. |
||
| 500 | _aKaynakça var. | ||
| 502 | _aDoktora Tezi | ||
| 610 | _aYEDAŞ | ||
| 610 |
_aAvrupa Birliği _xGümrük Birliği _zTürkiye |
||
| 700 | _aAlpkaya, Gökçen | ||
| 942 |
_2ddc _cBKS |
||
| 999 |
_c5527 _d5527 |
||